01233cam a22003497a 450000500170000000800410001701000100005801100100006803500100007808200130008810000330010124500890013426000370022330000110026049000390027159000410031059000410035159000410039259000410043359000420047465000280051665000340054465000380057865000210061670000290063770000280066671000670069483000460076190100070080794900520081499900170086620220817043102.0971010s1988 r 00010 d a65099 a66071 a73926 a634bH3700aHardenburg, Robert E.952634 0aAlmacenamiento comercial de frutas, legumbres y existencia de floristerias y viveros aSan José, C. R. :bIICA,c1988 a150 p. 0aInvestigación y desarrollov; 16 aBATCH-UPDb10c20130110lUCH01h0543 aBATCH-UPDb10c20130110lUCH01h2335 aBATCH-UPDb10c20130410lUCH01h0224 aBATCH-UPDb10c20130914lUCH01h1419 aCONVERSIONb10c20130109lUCH01h133514aFloresxEmpaque.94137414aFrutaxAlmacenamiento.94359214aLegumbresxAlmacenamiento.96568214aViveros.91200960 aWatada, Alley E.91211470 aXi Wang, Chien.91228960 aInstituto Interamericano de Cooperación para la Agricultura.0 aInvestigación y desarrollov; 16960255 aBK a634 H37bFcLIBROd-6764eLIBROh2839i73926si c65099d65099